Acchī-Hindī. (Record no. 74064)

MARC details
000 -LEADER
fixed length control field 00594cam a22002171 4500
001 - CONTROL NUMBER
control field sa 67003781
003 - CONTROL NUMBER IDENTIFIER
control field DLC
005 - DATE AND TIME OF LATEST TRANSACTION
control field 20260227112341.0
008 - FIXED-LENGTH DATA ELEMENTS--GENERAL INFORMATION
fixed length control field 891121s1966 ii a 000 0 hin
010 ## - LIBRARY OF CONGRESS CONTROL NUMBER
LC control number sa 67003781
035 ## - SYSTEM CONTROL NUMBER
System control number (OCoLC)20682995
040 ## - CATALOGING SOURCE
Original cataloging agency DLC
Transcribing agency NRU
Modifying agency DLC
042 ## - AUTHENTICATION CODE
Authentication code premarc
050 00 - LIBRARY OF CONGRESS CALL NUMBER
Classification number PK1931
Item number .T33
100 1# - MAIN ENTRY--PERSONAL NAME
Personal name Tandon, Vishwanath.
245 10 - TITLE STATEMENT
Title Acchī-Hindī.
Statement of responsibility, etc. [Lekhaka] Viśvanātha Ṭanḍana.
250 ## - EDITION STATEMENT
Edition statement [1. Saṃskaraṇa]
260 ## - PUBLICATION, DISTRIBUTION, ETC.
Place of publication, distribution, etc. Lakhanaū,
Name of publisher, distributor, etc. Rāmā Prakāśana
Date of publication, distribution, etc. [1966]
300 ## - PHYSICAL DESCRIPTION
Extent 2 v. (vii, 724 p.)
Other physical details illus.
Dimensions 24 cm.
500 ## - GENERAL NOTE
General note In Hindi.

No items available.

Powered by Koha